Ukrajinský konflikt a jeho vplyv na zahraničný obchod Slovenskej republiky bakalárska práca

Saved in:
Bibliographic Details
Main Author: Zajacová, Rebeca
Corporate Author: Obchodná fakulta EU. Katedra medzinárodného obchodu
Other Authors: Juhás, Henrich, 1995-
Format: Book
Language:Slovak
Published: Bratislava 2024
Tags: Add Tag
No Tags, Be the first to tag this record!

MARC

LEADER 00000nbm a2200000 4500
001 0302365
005 20250805083058.0
041 0 |a slo 
044 |a SK 
245 1 0 |a Ukrajinský konflikt a jeho vplyv na zahraničný obchod Slovenskej republiky  |b bakalárska práca  |c Rebeca Zajacová ; školiteľ: Henrich Juhás 
264 1 |a Bratislava  |c 2024 
300 |a 44 s. 
100 1 |a Zajacová, Rebeca 
700 1 |a Juhás, Henrich, 1995- 
710 2 |a Obchodná fakulta EU. Katedra medzinárodného obchodu